[Event "Tanta op"]
[Site "Tanta"]
[Date "1998.11.16"]
[Round "1"]
[White "Ismail, Hamed"]
[Black "Hassan, Sayed Barakat"]
[Result "0-1"]
[WhiteElo "2245"]
[BlackElo "2330"]

1.c4 g6 2.d4 Bg7 3.Nc3 d6 4.e4 Nf6 5.Nf3 O-O 6.Be2 Nbd7 7.O-O e5 8.d5 Nc5
9.Qc2 a5 10.Be3 Ng4 11.Bg5 f6 12.Bh4 Qe8 13.Nd2 h5 14.h3 Nh6 15.f3 f5 16.b3 f4
17.Qd1 g5 18.Bf2 g4 19.hxg4 hxg4 20.fxg4 Qg6 21.Bxc5 dxc5 22.Nb5 Rf7 23.Re1 Ra6
24.Nf1 Nxg4 25.d6 cxd6 26.Bf3 Bf8 27.Rc1 Be7 28.Qd3 Bh4 29.Re2 Rh7 30.Rec2 Bg3
31.Nxg3 fxg3 32.Bxg4 Bxg4 33.Qxg3 Qh5 34.Rf1 d5 35.Rc3 Rf6 36.Rcf3 Rxf3 37.gxf3 Qh1+
38.Kf2 Rh2+ 39.Ke3 d4+ 40.Kd3 Qxf3+ 41.Qxf3 Bxf3 42.Nd6 b6 43.Nc8 Rxa2 44.Nxb6 Rb2
45.Nd7 Rxb3+ 46.Kd2 a4 47.Nxc5 Rb2+ 48.Kc1 a3 49.Nd3 Rb3 50.Kc2 Rc3+ 51.Kd2 a2
52.Nb4 Rb3 53.Nc2 Rb1  0-1

[Event "Wch U20 Girls"]
[Site "Calicut"]
[Date "1998.11.18"]
[Round "2"]
[White "Sheldon, Ruth"]
[Black "Bobrowska, Monika"]
[Result "1/2-1/2"]
[WhiteElo "2220"]
[BlackElo "2470"]

1.d4 Nf6 2.c4 g6 3.Nc3 Bg7 4.e4 d6 5.Be2 O-O 6.Nf3 e5 7.d5 a5 8.Bg5 h6 9.Bh4 Na6
10.Nd2 Bd7 11.O-O Qe8 12.a3 Nh7 13.Kh1 h5 14.f3 Bh6 15.b3 Be3 16.Qc2 f5 17.exf5 gxf5
18.Nd1 Bc5 19.Bf2 Bxf2 20.Nxf2 Kh8 21.Qc3 a4 22.b4 Nf6 23.Rae1 Qg6 24.f4 e4
25.Nh3 Rg8 26.Ng5 Rg7 27.Rg1 c6 28.Qd4 c5  1/2-1/2

[Event "Cologne op 47th"]
[Site "Cologne"]
[Date "1998.11.19"]
[Round "7"]
[White "Loskamp, Stefan"]
[Black "Roehrich, Stefan"]
[Result "1-0"]
[WhiteElo "2155"]
[BlackElo "2185"]

1.d4 Nf6 2.Nf3 g6 3.c4 Bg7 4.Nc3 O-O 5.e4 d6 6.Be2 e5 7.O-O exd4 8.Nxd4 Nc6
9.Nxc6 bxc6 10.f3 Be6 11.Bg5 Qc8 12.Qd2 Re8 13.Rfe1 a5 14.b3 Qb7 15.Rad1 Qb4
16.Na4 Nd7 17.Qc1 c5 18.Bd2 Qb8 19.f4 Nf6 20.Bf3 Bg4 21.Bxg4 Nxg4 22.Bc3 Bh6
23.Rd3 Qb7 24.Qd1 Rxe4 25.Qxg4 Rae8 26.Rxe4 Qxe4 27.Qf3 Bxf4 28.Qxe4 Rxe4
29.g3 Re3 30.Rxe3 Bxe3+ 31.Kg2 f5 32.Bxa5  1-0

[Event "Tanta op"]
[Site "Tanta"]
[Date "1998.11.21"]
[Round "5"]
[White "Korsunsky, Yuri"]
[Black "Rahman, Yehya"]
[Result "1-0"]
[WhiteElo "2415"]
[BlackElo "2305"]

1.d4 Nf6 2.c4 g6 3.Nc3 Bg7 4.e4 d6 5.Nf3 O-O 6.Be2 e5 7.dxe5 dxe5 8.Qxd8 Rxd8
9.Bg5 c6 10.Nxe5 Re8 11.O-O-O Na6 12.Rd6 Be6 13.f3 h6 14.Bh4 g5 15.Bg3 Nh5
16.Nd7 Re7 17.Rhd1 Nxg3 18.hxg3 Kh8 19.e5 Rxd7 20.Rxd7 Bxd7 21.Rxd7 Nc5 22.Rxf7 Bxe5
23.b4 Kg8 24.Re7 Bf6 25.Re3 Bd4 26.Re7 Kf8 27.Rh7 Bxc3 28.bxc5 Bg7 29.f4 Kg8
30.Bd3 Rd8 31.Kc2 b6 32.fxg5 hxg5 33.Rh5 Bf6 34.Rh6 Rf8 35.cxb6 axb6 36.g4 Rf7
37.Be4 c5 38.Kb3 Rf8 39.Ka4 Bd8 40.Kb5 Kg7 41.Rxb6 Bxb6 42.Kxb6 Kf6 43.a4 Ke5
44.Bd5 Kd6 45.a5 Rf2 46.Bc6 Re2 47.a6  1-0

[Event "Wch U20 Girls"]
[Site "Calicut"]
[Date "1998.11.22"]
[Round "6"]
[White "Sheldon, Ruth"]
[Black "Dworakowska, Joanna"]
[Result "1/2-1/2"]
[WhiteElo "2220"]
[BlackElo "2390"]

1.d4 Nf6 2.c4 g6 3.Nc3 Bg7 4.e4 d6 5.Be2 O-O 6.Nf3 e5 7.d5 Nbd7 8.Bg5 h6
9.Bh4 Qe7 10.Nd2 c5 11.a3 a6 12.b4 Qe8 13.g4 Nh7 14.Nf1 Bf6 15.Bxf6 Ndxf6
16.h4 Qd8 17.Ne3 cxb4 18.axb4 Bd7 19.Kf1 b5 20.Kg2 Qb6 21.cxb5 axb5 22.Qd3 Rxa1
23.Rxa1 Rc8 24.Ra5 Qd4 25.Nxb5 Qxb4 26.Ra6 Nxe4 27.Nc2 Qxb5 28.Qxe4 Qc5 29.Ne3 Nf6
30.Qd3 Ne8 31.Ra1 Nc7 32.h5 Bb5 33.Qe4 Qd4 34.Qxd4 exd4 35.Nc4 Nxd5 36.Nxd6 Nf4+
37.Kf3 Bxe2+ 38.Kxf4 Rd8 39.Ne4 d3 40.Ra2 g5+ 41.Ke3 Kg7 42.f3 Bd1 43.Ra1 Bc2
44.Kd2 Rb8 45.Nc5 Rd8 46.Ra3 Kf6 47.Nxd3 Bxd3 48.Rxd3 Rxd3+ 49.Kxd3 Ke5 50.Ke3 f6
51.Ke2 f5 52.gxf5 Kxf5 53.Ke3 Ke5 54.Ke2  1/2-1/2

[Event "BL2-W9899"]
[Site "Germany"]
[Date "1998.11.22"]
[Round "2.6"]
[White "Kamp, Christoph"]
[Black "Illner, Achim"]
[Result "1/2-1/2"]
[WhiteElo "2315"]
[BlackElo "2315"]

1.c4 Nf6 2.Nc3 g6 3.e4 d6 4.d4 Bg7 5.Be2 O-O 6.Nf3 Nbd7 7.O-O e5 8.Qc2 Nh5
9.Rd1 Nf4 10.Nd5 Nxe2+ 11.Qxe2 c6 12.Nc3 exd4 13.Nxd4 Re8 14.Be3 Qe7 15.Nb3 Nc5
16.f3 Be5 17.Qf2 b6 18.Nd4 Bb7 19.b4 Ne6 20.b5 cxb5 21.cxb5 Rac8 22.Rac1 Rc4
23.Nce2 Rxc1 24.Rxc1 Nc5 25.Rd1 d5  1/2-1/2

[Event "Tanta op"]
[Site "Tanta"]
[Date "1998.11.23"]
[Round "7"]
[White "Sorial, Hanna"]
[Black "Hamed, Ahmed"]
[Result "1/2-1/2"]
[WhiteElo "2245"]
[BlackElo "2320"]

1.Nf3 d6 2.d4 Nf6 3.c4 g6 4.Nc3 Bg7 5.e4 O-O 6.Be2 e5 7.O-O Nbd7 8.d5 Nc5
9.Nd2 a5 10.b3 Ne8 11.a3 f5 12.Rb1 Nf6 13.f3 Bd7 14.b4 axb4 15.axb4 Na4 16.Qc2 Nh5
17.Nb3 Nf4 18.Nxa4 Rxa4 19.Bxf4 exf4 20.Qd2 Qe7 21.Bd3 fxe4 22.Bxe4 Qg5 23.c5 Rfa8
24.Rfc1 Ra2 25.Rc2 Rxc2 26.Qxc2 Ra3 27.Kh1 Be5 28.cxd6 cxd6 29.Qc7 Ra2 30.Rg1 Ba4
31.Qc4 Bxb3 32.Qxb3 Rd2 33.Qc4 Kg7 34.Qc7+ Kh6 35.Qd7 Rb2 36.Qh3+ Kg7 37.Qd7+ Kh6
38.Qh3+ Qh5 39.Qxh5+ Kxh5 40.Rb1  1/2-1/2

[Event "Max Wilkerson"]
[Site "San Francisco"]
[Date "1998.11.24"]
[Round "6"]
[White "Lobo, Richard"]
[Black "Grefe, John A"]
[Result "0-1"]
[WhiteElo "2285"]
[BlackElo "2405"]

1.d4 Nf6 2.c4 d6 3.Nc3 Nbd7 4.e4 e5 5.Nf3 g6 6.Be2 Bg7 7.O-O O-O 8.Re1 c6
9.Bf1 a6 10.Be3 Ng4 11.Bg5 f6 12.Bh4 Nh6 13.dxe5 dxe5 14.b4 Nf7 15.c5 a5
16.a3 axb4 17.axb4 Rxa1 18.Qxa1 b6 19.cxb6 Nxb6 20.h3 Be6 21.b5 c5 22.Qa7 g5
23.Bg3 Nd6 24.Rd1 Rf7 25.Qa3 Qc7 26.Nd2 Bf8 27.f3 c4 28.Qb2 Nb7 29.Bf2 Bc5
30.Ndb1 Rd7 31.Rxd7 Qxd7 32.Bxc5 Nxc5 33.Qf2 Qd4 34.Ne2 Qd6 35.Nbc3 Nd3 36.Qe3 Kf7
37.g3 h6 38.Bg2 Ke7 39.Bf1 Qc5 40.Qxc5+ Nxc5 41.Kf2 Nd3+ 42.Ke3 Kd6 43.f4 Kc5
44.fxe5 fxe5 45.Ng1 Nc1 46.Nf3 Nd7 47.g4 Nb3 48.h4 gxh4 49.g5 hxg5 50.Nxg5 Bg4
51.Be2 Bxe2 52.Nxe2 Nd4 53.Nc3 Nf6 54.Kf2 Nxb5 55.Nd1 Nd6 56.Kg2 Ndxe4 57.Nf3 Ng4
58.Nb2 Nd6 59.Nxh4 e4 60.Kf1 Ne3+ 61.Kf2 Ndf5 62.Nf3 Ng4+ 63.Kg2 e3 64.Ne1 c3
65.Nd1 Kd4 66.Kf3 Ne5+ 67.Kg2 e2 68.Nc2+ Kd3 69.Ne1+ Kd2 70.Nxc3 Kxc3 71.Kf2 Kd2  0-1

[Event "AUT-chT2M 9899"]
[Site "Austria"]
[Date "1998.11.27"]
[Round "1"]
[White "Gruenberg, Hans Ulrich"]
[Black "Teufl, S."]
[Result "1-0"]
[WhiteElo "2445"]
[BlackElo "2167"]

1.d4 Nf6 2.c4 g6 3.Nc3 Bg7 4.e4 d6 5.Be2 O-O 6.Nf3 e5 7.Be3 Ng4 8.Bg5 f6
9.Bh4 Nc6 10.O-O Nh6 11.dxe5 dxe5 12.c5 Be6 13.Qa4 Qe7 14.Bc4 Kh8 15.Bxe6 Qxe6
16.Rad1 a6 17.Nd5 Rf7 18.Rd3 Ng8 19.Rfd1 h6 20.Qb3 Rb8 21.h3 f5 22.exf5 gxf5
23.Re3 e4 24.Ree1 Nge7 25.Bxe7 Nxe7 26.Nh4 Nxd5 27.Rxd5 Rbf8 28.Qxb7 Qf6
29.g3 c6 30.Rd7 f4 31.Rxf7 Rxf7 32.Qb8+ Kh7 33.Rxe4 fxg3 34.Qxg3 Bf8 35.Rg4 Rd7
36.Qb3 Rd5 37.Qc2+ Kh8 38.Ng6+ Kg7 39.Ne5+ Kh8 40.Ng6+ Kg7 41.Nxf8+ Kxf8
42.Qe4 Rf5 43.Qc4 Rg5 44.Qxa6 h5 45.Qc8+ Kf7 46.Qc7+ Ke8 47.Qb8+ Kf7 48.Rxg5 Qxg5+
49.Kh2 Qxc5 50.Qf4+ Kg6 51.h4 Kh7 52.a4 Qc2 53.Qf7+ Kh6 54.Qf6+ Kh7 55.Qf7+ Kh6
56.Qf6+ Kh7 57.a5 Qc4 58.Qf5+  1-0

[Event "National Congress 29th"]
[Site "Philadelphia"]
[Date "1998.11.28"]
[Round "3"]
[White "Meyer, Eugene B"]
[Black "Shabalov, Alexander"]
[Result "1/2-1/2"]
[WhiteElo "2465"]
[BlackElo "2645"]

1.c4 Nf6 2.Nc3 g6 3.e4 d6 4.d4 Bg7 5.Nf3 O-O 6.Be2 e5 7.O-O Na6 8.Re1 Qe7
9.c5 exd4 10.cxd6 cxd6 11.Nxd4 Nc5 12.Bg5 Be6 13.Bf3 h6 14.Bh4 a6 15.Nf5 gxf5
16.exf5 Qc7 17.fxe6 fxe6 18.Rc1 Qb6 19.Na4 Nxa4 20.Qxa4 d5 21.Bg4 Rae8 22.Bxf6 Bxf6
23.Qd7 Be7 24.Rxe6 Qxf2+  1/2-1/2

[Event "National Congress 29th"]
[Site "Philadelphia"]
[Date "1998.11.28"]
[Round "4"]
[White "Shapiro, Daniel E"]
[Black "Traldi, Matthew"]
[Result "0-1"]
[WhiteElo "2305"]
[BlackElo "2090"]

1.d4 Nf6 2.c4 g6 3.Nc3 Bg7 4.e4 d6 5.Nf3 O-O 6.Be2 e5 7.O-O Na6 8.Rb1 exd4
9.Nxd4 c6 10.Bg5 Re8 11.f3 Qa5 12.Bh4 Nh5 13.Nb3 Qb6+ 14.Bf2 Qd8 15.Qd2 Be5
16.g3 Bh3 17.Rfe1 Qf6 18.Kh1 g5 19.Be3 h6 20.Rg1 Qg6 21.Nd4 Nf6 22.g4 Rad8
23.Nf5 d5 24.cxd5 cxd5 25.Bxa6 bxa6 26.Nxd5 Nxd5 27.exd5 Kh7 28.Rbc1 Bb8
29.Qd4 Re5 30.Rgd1 Rexd5 31.Qxd5 Rxd5 32.Rxd5 Qe6 33.Rd4 Bf4 34.Re4 Qxa2
35.Rc6 Be5 36.Rxe5 Qb1+ 37.Bc1  0-1

[Event "National Congress 29th"]
[Site "Philadelphia"]
[Date "1998.11.28"]
[Round "4"]
[White "Yermolinsky, Alex"]
[Black "Meyer, Eugene B"]
[Result "1-0"]
[WhiteElo "2625"]
[BlackElo "2465"]

1.d4 Nf6 2.c4 g6 3.Nc3 Bg7 4.e4 d6 5.Be2 O-O 6.Nf3 e5 7.O-O Na6 8.Re1 c6
9.Rb1 Qe7 10.c5 dxc5 11.dxe5 Ng4 12.Bxa6 bxa6 13.Qd6 Re8 14.Qxe7 Rxe7 15.Rd1 h6
16.Bf4 g5 17.Rd8+ Kh7 18.Bg3 Nxe5 19.Nxe5 Bxe5 20.Bxe5 Rxe5 21.Rbd1 Rb8 22.f3 Kg7
23.R1d6 a5 24.Rxc6 Bb7 25.Rxc5 Rxd8 26.Rxe5 Rd2 27.Rxa5 Rxb2 28.Rxa7 h5 29.Ra5 Kf6
30.Rb5 Rc2 31.Rb6+ Ke5 32.Rxb7 Rxc3 33.Rxf7 g4 34.Kf2 Rc2+ 35.Kg3 h4+ 36.Kxh4 Rxg2
37.fxg4 Rxh2+ 38.Kg3 Rxa2 39.Rf5+  1-0

[Event "Young Masters 6th"]
[Site "Loures"]
[Date "1998.12.02"]
[Round "1"]
[White "Damaso, Rui"]
[Black "Quadrio, Alexandre"]
[Result "1-0"]
[WhiteElo "2430"]
[BlackElo "2190"]

1.d4 Nf6 2.c4 g6 3.Nc3 Bg7 4.e4 d6 5.Nf3 O-O 6.Be2 e5 7.O-O exd4 8.Nxd4 Re8
9.f3 c6 10.Kh1 Na6 11.Bg5 Nc5 12.Qd2 Qb6 13.Rab1 a5 14.b3 Nh5 15.Rfd1 Qb4
16.Be3 Ne6 17.a3 Qxc3 18.Qxc3 c5 19.Nxe6 Bxc3 20.Nc7 Be6 21.Nxa8 Rxa8 22.Rxd6 Be5
23.Rb6 Nf4 24.Bf1 Rd8 25.Bxc5 Nd3 26.Be3 a4 27.bxa4 Bxc4 28.Rxb7 Ba2 29.a5  1-0

[Event "NRW-Liga I 9899"]
[Site "GER"]
[Date "1998.12.03"]
[Round "3"]
[White "Misch, Oliver"]
[Black "Beeker, Detlef"]
[Result "1/2-1/2"]
[WhiteElo "2140"]
[BlackElo "2190"]

1.d4 Nf6 2.c4 d6 3.Nc3 g6 4.Nf3 Bg7 5.e4 O-O 6.Be2 e5 7.O-O exd4 8.Nxd4 Re8
9.f3 c6 10.Nc2 Na6 11.Be3 d5 12.cxd5 cxd5 13.exd5 Bf5 14.Bf2 Nxd5 15.Nxd5 Bxc2
16.Qxc2 Qxd5 17.Bc4 Rac8 18.Bxd5 Rxc2 19.Bxb7 Nc5 20.Bc6 Ree2 21.Rad1 Bxb2
22.Rd8+ Kg7 23.Bb5 Ne6 24.Bxe2 Nxd8 25.Bd1 Rc7 26.Bb3 Ne6 27.Rd1 Ba3 28.Bg3 Bc5+
29.Kf1 Re7 30.Be5+ f6 31.Bc3 Nf8 32.Rd5 Rc7 33.Bd2 Rd7 34.Ke2  1/2-1/2

[Event "BL9899 (Women)"]
[Site "Germany"]
[Date "1998.12.05"]
[Round "5.1"]
[White "Bobrowska, Monika"]
[Black "Weng, Annegret"]
[Result "1-0"]
[WhiteElo "2320"]
[BlackElo "2175"]

1.Nf3 g6 2.d4 Nf6 3.c4 Bg7 4.Nc3 O-O 5.e4 d6 6.Be2 e5 7.d5 a5 8.Bg5 h6 9.Bh4 Qe8
10.b3 Nh7 11.Nd2 h5 12.f3 Bh6 13.O-O Na6 14.a3 Bd7 15.Rb1 Nc5 16.Nb5 Qb8
17.Bf2 Qd8 18.Qc2 f5 19.b4 axb4 20.axb4 Na6 21.c5 Be8 22.Nc3 Bxd2 23.Qxd2 f4
24.c6 Qc8 25.Rb2 Nb8 26.b5 bxc6 27.dxc6 Nf6 28.Bc4+ Kg7 29.Nd5 g5 30.b6 Bxc6
31.Nxc7 Ra4 32.Bb3 Ra3 33.Qxd6  1-0

[Event "BEL-chT9899"]
[Site "Antwerp"]
[Date "1998.12.06"]
[Round "4"]
[White "Krijgelmans, Johan"]
[Black "Gulbas, Cemil"]
[Result "0-1"]
[WhiteElo "2270"]
[BlackElo "2170"]

1.d4 Nf6 2.c4 g6 3.Nc3 Bg7 4.e4 O-O 5.Nf3 d6 6.Be2 e5 7.d5 a5 8.Bg5 Qe8 9.Nd2 Nfd7
10.g4 Nc5 11.Nf1 c6 12.Ng3 cxd5 13.Qxd5 Ne6 14.Be3 Nf4 15.Qxd6 Nxe2 16.Ngxe2 Bxg4
17.Nd5 Ra6 18.Qa3 Bf3 19.Rg1 Bxe4 20.Nc7 Qc6 21.Nxa6 Nxa6 22.Qxa5 f5 23.Qb5 Qe6
24.Rd1 Bc6 25.Qb3 f4 26.Bb6 Kh8 27.Rd8 Rxd8 28.Bxd8 Nc5 29.Qa3 Bf8 30.Qc3 Kg8
31.a3 f3 32.Ng3 Bg7 33.Bb6 e4 34.Qc2 Ba4 35.Qd2 Nd3+  0-1

[Event "Budapest FS12 IM-B"]
[Site "Budapest"]
[Date "1998.12.06"]
[Round "2"]
[White "Szeberenyi, Adam"]
[Black "Khechumyan, Gagik"]
[Result "0-1"]
[WhiteElo "2230"]
[BlackElo "2320"]

1.d4 Nf6 2.c4 g6 3.Nc3 Bg7 4.e4 O-O 5.Nf3 d6 6.Be2 Nbd7 7.O-O e5 8.Qc2 c6
9.Rd1 Qe7 10.d5 h6 11.Ne1 Nc5 12.b4 Na6 13.Rb1 Nc7 14.f3 Bd7 15.Be3 Rfc8
16.Qd2 cxd5 17.cxd5 Kh7 18.b5 Nh5 19.b6 axb6 20.Rxb6 Na6 21.Rxb7 Nc5 22.Bxc5 Rxc5
23.Bb5 Nf6 24.Nd3 Rcc8 25.Rb1 h5 26.Bc6 Bh6 27.Qf2 Qd8 28.Bxd7 Be3 29.Qxe3 Rxc3
30.Bb5 Raa3 31.Kh1 Kg7 32.Qe2 Qa8 33.Bc6 Qa6 34.R7b5 Rxd3  0-1

[Event "ROM-ch"]
[Site "Bucuresti"]
[Date "1998.12.08"]
[Round "1"]
[White "Dumitrache, Dragos"]
[Black "Nevednichy, Vladislav"]
[Result "1/2-1/2"]
[WhiteElo "2420"]
[BlackElo "2545"]

1.d4 Nf6 2.c4 g6 3.Nc3 Bg7 4.e4 O-O 5.Nf3 d6 6.Be2 e5 7.O-O Nbd7 8.Re1 Re8
9.Bf1 a6 10.Rb1 exd4 11.Nxd4 c6 12.Bg5 Qc7 13.Qd2 Ng4 14.Nf3 Nc5 15.h3 Ne5
16.Nxe5 dxe5 17.Be3 Ne6 18.Na4 b5 19.Nb6 Rb8 20.Nxc8 Rbxc8 21.cxb5 axb5 22.a4 bxa4  1/2-1/2

[Event "ROM-ch"]
[Site "Bucuresti"]
[Date "1998.12.09"]
[Round "2"]
[White "Szuhanek, Ranko"]
[Black "Grigore, George"]
[Result "1/2-1/2"]
[WhiteElo "2400"]
[BlackElo "2475"]

1.Nf3 Nf6 2.c4 g6 3.Nc3 Bg7 4.e4 d6 5.d4 O-O 6.Be2 Na6 7.O-O e5 8.Re1 Qe8
9.Bf1 Bg4 10.d5 Nb4 11.Be2 a5 12.Be3 Nh5 13.a3 Na6 14.h3 Bd7 15.b4 Nf4 16.Bf1 axb4
17.axb4 Nxb4 18.Rb1 Na6 19.Rxb7 Qc8 20.Rb1 Nc5 21.Qc2 Re8 22.Nb5 f5 23.Nd2 Nxe4
24.Nxe4 fxe4 25.Ra1 Qb7 26.Reb1 Rxa1 27.Rxa1 Rc8 28.Ra7 Qb8 29.Qa4 Kh8 30.Qa6 Bxb5
31.cxb5 Nxd5 32.Rb7 Qa8 33.Ra7 Qb8  1/2-1/2

[Event "Boavista Challenge"]
[Site "Porto"]
[Date "1998.12.09"]
[Round "7"]
[White "Guimaraes, Jorge"]
[Black "Ribeiro, Fernando"]
[Result "1/2-1/2"]
[WhiteElo "2305"]
[BlackElo "2335"]

1.d4 Nf6 2.Nf3 g6 3.c4 Bg7 4.Nc3 O-O 5.e4 d6 6.Be2 e5 7.dxe5 dxe5 8.Qxd8 Rxd8
9.Bg5 Re8 10.Rd1 Na6 11.Nd2 c6 12.O-O h6 13.Be3 Bg4 14.f3 Be6 15.a3 Nh5  1/2-1/2

[Event "BRA-ch"]
[Site "Itabirito"]
[Date "1998.12.10"]
[Round "1.2"]
[White "Marques, Vinicius"]
[Black "Matsuura, Everaldo"]
[Result "0-1"]
[WhiteElo "2235"]
[BlackElo "2400"]

1.d4 Nf6 2.c4 d6 3.Nf3 g6 4.Nc3 Bg7 5.e4 O-O 6.Be2 Na6 7.O-O e5 8.Be3 Ng4
9.Bg5 Qe8 10.c5 h6 11.Bh4 exd4 12.Nd5 g5 13.Bxa6 gxh4 14.Be2 Qxe4 15.Nxc7 Rb8
16.cxd6 h3 17.gxh3 Ne5 18.Nxe5 Qxe5 19.Bg4 Qxd6 20.Rc1 d3 21.Qf3 Bxg4 22.hxg4 d2
23.Rc4 Rfd8 24.Rd1 Qe5  0-1

[Event "BRA-ch"]
[Site "Itabirito"]
[Date "1998.12.11"]
[Round "2.1"]
[White "Matsuura, Everaldo"]
[Black "Braga, Cicero"]
[Result "1/2-1/2"]
[WhiteElo "2400"]
[BlackElo "2420"]

1.Nf3 Nf6 2.c4 g6 3.Nc3 Bg7 4.d4 O-O 5.e4 d6 6.Be2 e5 7.O-O Nh5 8.Re1 Nf4
9.Bf1 Bg4 10.dxe5 dxe5 11.Nd5 Ne6 12.h3 Bxf3 13.Qxf3 Nc6 14.Be3 Ncd4 15.Bxd4 Nxd4
16.Qc3 c6  1/2-1/2

[Event "Skopje op"]
[Site "Skopje"]
[Date "1998.12.12"]
[Round "1"]
[White "Dmitrovic, Zoran"]
[Black "Spasov, Vasil"]
[Result "0-1"]
[WhiteElo "2185"]
[BlackElo "2595"]

1.Nf3 Nf6 2.c4 g6 3.Nc3 Bg7 4.e4 d6 5.d4 O-O 6.Be2 e5 7.d5 a5 8.h4 Na6 9.Nd2 Nc5
10.h5 c6 11.g4 cxd5 12.cxd5 a4 13.f3 Bd7 14.Nf1 b5 15.h6 Bh8 16.Be3 Qa5 17.Kf2 a3
18.Qb1 axb2 19.Qxb2 Qxc3 20.Qxc3 Nfxe4+ 21.fxe4 Nxe4+  0-1

[Event "Arlington CC-ch"]
[Site "Arlington"]
[Date "1998.12.13"]
[Round "3"]
[White "Meyer, John C"]
[Black "Meyer, Eugene B"]
[Result "1/2-1/2"]
[WhiteElo "2345"]
[BlackElo "2465"]

1.d4 Nf6 2.c4 g6 3.Nc3 Bg7 4.e4 d6 5.Nf3 O-O 6.Be2 e5 7.O-O exd4 8.Nxd4 Re8
9.f3 Nc6 10.Be3 Nh5 11.Qd2 Nf4 12.Nxc6 Nxe2+ 13.Nxe2 bxc6 14.Bd4 c5 15.Bxg7 Kxg7
16.Rad1 a5 17.Nc3 a4 18.Nd5 Be6 19.Qc3+ f6 20.Kf2 Bxd5  1/2-1/2

[Event "AUT-chT2M 9899"]
[Site "Austria"]
[Date "1998.12.13"]
[Round "5"]
[White "Steiner, Guenter"]
[Black "Peterwagner, Heinz"]
[Result "0-1"]
[WhiteElo "2240"]
[BlackElo "2215"]

1.d4 Nf6 2.c4 g6 3.Nc3 Bg7 4.e4 d6 5.Nf3 O-O 6.Be2 Nbd7 7.O-O e5 8.d5 Nc5
9.Nd2 a5 10.b3 Ne8 11.Qc2 f5 12.a3 Nf6 13.Bd3 Nh5 14.Re1 Nf4 15.Bf1 Qg5 16.f3 Ncd3
17.Re2 Nxe2+  0-1

[Event "AUT-chT2M 9899"]
[Site "Austria"]
[Date "1998.12.13"]
[Round "5"]
[White "Wukits, Rene"]
[Black "Kranzl, Peter"]
[Result "1/2-1/2"]
[WhiteElo "2230"]
[BlackElo "2280"]

1.d4 Nf6 2.c4 g6 3.Nc3 Bg7 4.e4 d6 5.Be2 O-O 6.Nf3 Na6 7.O-O e5 8.d5 Nc5
9.Qc2 a5 10.Bg5 Bd7 11.Nd2 h6 12.Be3 Ne8 13.Kh1 f5 14.exf5 Bxf5 15.Nde4 Nxe4
16.Nxe4 Nf6 17.f3 b6 18.Bd3 Nxe4 19.Bxe4 Kh7 20.Rf2 Qh4 21.Raf1 Rf7 22.Kg1 Raf8
23.b3 Ra8 24.a3 Rff8 25.g3 Bxe4 26.fxe4 Rxf2 27.Rxf2 Qe7 28.Kf1 Qd7 29.Qe2 Kg8
30.Ke1 Rc8 31.g4 Rb8 32.h4 Rf8 33.Rxf8+ Bxf8 34.Qf3 Be7 35.Bxh6 Bxh4+ 36.Kd2 Qe7
37.Be3  1/2-1/2

[Event "BL2-W9899"]
[Site "Germany"]
[Date "1998.12.13"]
[Round "3.5"]
[White "Callam, Hannes"]
[Black "Dueball, Juergen"]
[Result "1/2-1/2"]
[WhiteElo "2190"]
[BlackElo "2370"]

1.d4 Nf6 2.c4 g6 3.Nc3 Bg7 4.e4 d6 5.Nf3 O-O 6.Be2 e5 7.O-O exd4 8.Nxd4 Re8
9.f3 Nc6 10.Be3 Nh5 11.Qd2 Nf4 12.Bxf4 Nxd4 13.Bg5 Nxe2+ 14.Nxe2 f6 15.Bh4 Be6
16.Rac1 Qd7 17.Nd4 f5 18.exf5 Bxf5 19.Rfe1 Re5 20.Bg3 Rxe1+ 21.Rxe1 Rf8 22.b3  1/2-1/2

[Event "BL2-S9899"]
[Site "Germany"]
[Date "1998.12.13"]
[Round "3.4"]
[White "Mueller, Markus"]
[Black "Riedel, Wolfgang"]
[Result "0-1"]
[WhiteElo "2070"]
[BlackElo "2350"]

1.Nf3 g6 2.c4 Bg7 3.Nc3 Nf6 4.e4 d6 5.d4 O-O 6.Be2 e5 7.d5 a5 8.Bg5 h6 9.Bh4 Na6
10.O-O Qe8 11.Nd2 Bd7 12.Bxf6 Bxf6 13.Bg4 Bg7 14.Bxd7 Qxd7 15.Qa4 Qxa4 16.Nxa4 b6
17.Nc3 h5 18.Nf3 Bh6 19.h4 Kh7 20.Ng5+ Bxg5 21.hxg5 f6 22.gxf6 Rxf6 23.Rfd1 Raf8
24.Rd2 R6f7 25.Re1 Nc5 26.Nd1 Rb8 27.Nc3 g5 28.Kh2 Kg6 29.Re3 Rbf8 30.Nd1 g4
31.b3 h4 32.a3 a4 33.b4 Nb3 34.Rb2 Nd4 35.Rc3 Rf4 36.Re3 Kg5 37.c5 b5 38.cxd6 cxd6
39.Rc3 Rxe4 40.Rc7 g3+ 41.fxg3 hxg3+ 42.Kxg3 Ne2+  0-1

[Event "BRA-ch"]
[Site "Itabirito"]
[Date "1998.12.13"]
[Round "3.1"]
[White "Vescovi, Giovanni"]
[Black "Caldeira, Adriano"]
[Result "1-0"]
[WhiteElo "2525"]
[BlackElo "2190"]

1.d4 Nf6 2.Nf3 g6 3.c4 Bg7 4.Nc3 O-O 5.e4 d6 6.Be2 e5 7.d5 a5 8.Bg5 h6 9.Bh4 Na6
10.Nd2 Qe8 11.O-O Nh7 12.a3 Bd7 13.Kh1 Bf6 14.Bxf6 Nxf6 15.b3 Kg7 16.Rb1 h5
17.b4 axb4 18.axb4 Ng4 19.h3 Qe7 20.Kg1 Rh8 21.Qc2 f5 22.exf5 gxf5 23.c5 Nf6
24.cxd6 cxd6 25.f4 Rac8 26.Nc4 exf4 27.Qd2 Be8 28.Qxf4 Bg6 29.Bd3 Rhd8 30.Qd4 Nc7
31.Rbe1 Qf7 32.Ne3 Re8 33.Bxf5 Rcd8 34.Bxg6 Qxg6 35.Nf5+ Kh7 36.Ne7  1-0

[Event "Skopje op"]
[Site "Skopje"]
[Date "1998.12.14"]
[Round "3"]
[White "Dmitrovic, Zoran"]
[Black "Janevska, Aleksandra"]
[Result "1-0"]
[WhiteElo "2185"]
[BlackElo "2000"]

1.Nf3 Nf6 2.c4 g6 3.Nc3 Bg7 4.e4 d6 5.d4 O-O 6.Be2 c6 7.O-O e5 8.d5 a5 9.Bg5 h6
10.Bh4 Na6 11.Nd2 Bd7 12.Rb1 Qb8 13.a3 cxd5 14.cxd5 b5 15.b4 axb4 16.axb4 Rc8
17.Qb3 Qb6 18.Rfc1 g5 19.Bg3 h5 20.h4 gxh4 21.Bxh4 Ng4 22.Nf3 Ra7 23.Na2 Rac7
24.Rxc7 Rxc7 25.Rc1 Bh6 26.Rxc7 Nxc7 27.Qa3 f6 28.Qa5 Qxa5 29.bxa5 Na6 30.Kf1 Kf7
31.Ke1 Bf8 32.Nd2 Be7 33.Nc3 b4 34.Na2 Bc8 35.Bxa6 b3 36.Nxb3 Bxa6 37.Nb4 Bb7
38.a6 Ba8 39.Nc6 Nh6 40.Nba5 Ng8 41.Nc4  1-0

[Event "Skopje op"]
[Site "Skopje"]
[Date "1998.12.16"]
[Round "5"]
[White "Novakovic, Slavko"]
[Black "Janevska, Aleksandra"]
[Result "1-0"]
[WhiteElo "2090"]
[BlackElo "2000"]

1.d4 Nf6 2.c4 g6 3.Nc3 Bg7 4.e4 d6 5.Nf3 O-O 6.Be2 e5 7.O-O c6 8.Bg5 h6 9.Bh4 Qc7
10.d5 a5 11.Ne1 Na6 12.Rb1 Bd7 13.f3 Qb8 14.Bf2 cxd5 15.cxd5 b5 16.a4 b4
17.Nb5 Rc8 18.b3 Bf8 19.Rc1 Nc7 20.Nxc7 Rxc7 21.Bc4 Be8 22.Nd3 Nd7 23.Qe2 Nb6
24.Nb2 Nd7 25.Bb5 Nc5 26.Bxe8 Qxe8 27.Bxc5 dxc5 28.Rfd1 Bd6 29.Nc4 Qe7 30.Rc2 Kg7
31.g3 f6 32.Kg2 Kf7 33.h4 Kg7 34.Rdc1 f5 35.exf5 gxf5 36.Re1 Kf6 37.Qe3 Rh8
38.Nxa5 f4 39.gxf4 Rg8+ 40.Kf1  1-0

[Event "Skopje op"]
[Site "Skopje"]
[Date "1998.12.17"]
[Round "6"]
[White "Nikolov, Sasho"]
[Black "Dmitrovic, Zoran"]
[Result "1-0"]
[WhiteElo "2400"]
[BlackElo "2185"]

1.d4 Nf6 2.c4 g6 3.Nc3 Bg7 4.e4 d6 5.Nf3 O-O 6.Be2 e5 7.O-O Na6 8.Be3 c6
9.Qc2 Ng4 10.Bg5 Qb6 11.d5 h6 12.Bd2 f5 13.Nh4 fxe4 14.Bxg4 Bxg4 15.Nxg6 Rf6
16.Nh4 Rxf2 17.Rxf2 e3 18.Bxe3 Qxe3 19.Qe4 Qd4 20.dxc6 Rf8 21.Qd5+ Kh7 22.Qxd4 exd4
23.Ne4 Rxf2 24.Nxf2 Be2 25.cxb7 Bxc4 26.Rc1 Bd5 27.Rc7 Be6 28.Re7  1-0

[Event "GRE-ch 48th"]
[Site "Athens"]
[Date "1998.12.19"]
[Round "7"]
[White "Halkias, Stelios"]
[Black "Agnos, Demetrios"]
[Result "1-0"]
[WhiteElo "2435"]
[BlackElo "2445"]

1.d4 Nf6 2.c4 g6 3.Nc3 Bg7 4.e4 d6 5.Nf3 O-O 6.Be2 e5 7.Be3 Ng4 8.Bg5 f6
9.Bh4 Nc6 10.d5 Ne7 11.Nd2 Nh6 12.f3 g5 13.Bf2 f5 14.c5 Ng6 15.O-O Nf4 16.Nc4 Rf6
17.cxd6 cxd6 18.a4 Rg6 19.exf5 Nxf5 20.Bd3 g4 21.fxg4 Nxd3 22.Qxd3 Rxg4 23.Ne4 Bh6
24.Rae1 Qe7 25.Kh1 Rg6 26.Rg1 b5 27.axb5 Bb7 28.Na5 Qf7 29.Nc6 Kh8 30.Ref1 Rag8
31.Be1 Bc8 32.Bc3 Qe8 33.Rf3 Bg7 34.Bb4 Rg4 35.Rh3 Qg6 36.Nxd6 e4 37.Qa3 Bf6
38.Bc3 Rf4 39.Bxf6+ Qxf6 40.Nxc8 e3 41.N8e7 e2 42.Qd3 Rf2 43.Nxg8 Qg7 44.Qe4 Kxg8
45.Qe8+ Qf8 46.Qxf8+ Kxf8 47.Rf3  1-0

[Event "Groningen op"]
[Site "Groningen"]
[Date "1998.12.20"]
[Round "1"]
[White "Handke, Harald"]
[Black "Kempinski, Robert"]
[Result "0-1"]
[WhiteElo "2270"]
[BlackElo "2545"]

1.d4 Nf6 2.c4 g6 3.Nc3 Bg7 4.e4 O-O 5.Nf3 d6 6.Be2 Na6 7.O-O e5 8.d5 Nc5
9.Nd2 a5 10.Qc2 Bg4 11.Bxg4 Nxg4 12.h3 Nf6 13.Nf3 Nh5 14.g3 Qd7 15.Kg2 f5
16.Be3 Nxe4 17.Nxe4 fxe4 18.Qxe4 Qf5 19.Ng5 Rae8 20.Rae1 Nf6 21.Qxf5 gxf5
22.Ne6 Rf7 23.Bd2 a4 24.f3 c6 25.Nxg7 Rxg7 26.dxc6 bxc6 27.Bc3 Nh5 28.g4 Nf4+
29.Kh2 Re6 30.Rg1 Rh6 31.Rg3 Nd3 32.Re2 Nc1 33.Re1 Nxa2 34.Bd2 f4 35.Rg2 Rb7
36.g5 Rg6 37.h4 Rxb2 38.h5 Rg7 39.Kh3 Nb4 40.Bxb4 Rxb4 41.c5 Kf7 42.cxd6 Ke6
43.g6 Kxd6 44.gxh7 Rxh7 45.Rg6+ Kd5 46.Rg5 Re7 47.h6 a3 48.Rh5 Rb8 49.Rd1+ Ke6
50.Rg5 Kf6 51.Rdg1 a2 52.Rg6+ Kf7 53.Rxc6 Rb1 54.Rcc1 Rxc1 55.Rxc1 Ra7 56.Ra1 Kg6
57.Kg4 Ra5 58.h7 Kxh7 59.Kf5 Kg8 60.Kf6 Kf8 61.Ke6 Ke8 62.Kf5 Kf7 63.Ke4 Ke6
64.Kd3 Kd5  0-1